Scrubs Trivia Quiz Stats

 Plays Quiz not verified by Sporcle

Also try: British TV Match
Challenge
Share
Tweet
Embed
Score 0/30 Timer 07:00
0 Plays Today
Hint Answer % Correct
J.D.'s favorite drink is what?Appletini
91.5%
What language can Elliot speak other than English?German or French
88.7%
Dr. Kelso believes that Dr. Turk's last name is what?Turkleton
85.7%
What does the Todd have tattooed on his right arm?DOC
76.2%
Who did the Janitor discover kept disconnecting the alarm to the emergency exit?Dr. Kelso
70.6%
Elliot's most emphasized fantasy is sleeping with what type of person?Mexican Apple Thief
57%
Turk tries to bring back what song by making it his ringtone?Bye Bye Bye
55.7%
Michael Weston has a four-episode role on Scrubs in which he plays a soldier by what name?Private Brian Dancer
52.7%
Which character is left handed?Carla Espinosa
52.1%
Rowdy, unknown to J.D. and Turk, is replaced by what other stuffed dog?Stephen
50.7%
The Janitor changes his address in his file to match that of what T.V. family?The Addams Family
50.1%
What initials does Dr. Kelso use for his high score on Mrs. Pacman?DRK
47.4%
In the show, Ted's band is known as the Worthless Peons. What are they really called?The Blanks
41.4%
Who once held an above ground pool party?Nurse Laverne Roberts
40%
The Janitor claims to have the ability to sense when squirrels are what?Afraid
36.9%
Hint Answer % Correct
Turk claims that everyone knows he hates working when?On his birthday
29.3%
What does Dr. Cox say he likes about the gays?Their music, their sense of style, and especially what they've done with Halloween
22.7%
The air band consisting of Turk, Lloyd, Ted, and the Janitor is known as what?The Cool Cats
22.1%
In a fantasy about his future, the Todd has a son named what?Rod
18.8%
Which New York Giants NFL jersey does Dr. Cox own?#80 SHOCKEY (Jeremy Shockey)
18.5%
Aside from J.D., who did the Janitor talk to in Season 1?No one
18.4%
When Keith got the wrong wedding invitations, what did Elliot write across his scrubs?Dumb Frick
18.3%
What happens to Elliot if her head gets too hot?She pees
16.1%
The Janitor claims to have a brother named what?Rosco
13.9%
When introducing J.D. to a new patient, Kim gives him a new middle initial, 'D'. What does it stand for?Dallas
10.9%
J.D. states that Elliot is the only person he knows that can do what?Sneeze with her eyes open
10.1%
J.D. states that his high school mascot was NOT what?The Cowboys
8.7%
In Scrubs, CDC is said to stand for what?Chief Dr. Cox or Crying Drunk Chick (Elliot's nickname in college)
8.4%
Who is a member of the Worthless Peons, excluding Ted?Randall, Crispin, or Roy
4.1%
In 'My Karma', what does Carla claim to have eaten all of?The pen caps at the Nurse's Station.
3.8%

You're not logged in!

Compare scores with friends on all Sporcle quizzes.
OR
Log In

You Might Also Like...

Show Comments

Extras

Created Oct 29, 2009ReportNominate
Tags:scrub, Scrubs

Top Quizzes Today


Score Distribution

Your Account Isn't Verified!

In order to create a playlist on Sporcle, you need to verify the email address you used during registration. Go to your Sporcle Settings to finish the process.

Report this User

Report this user for behavior that violates our Community Guidelines.

Details: